000 00893nas a2200301 4500
001 BR0002090
003 BR-BrBNA
005 20231205101824.0
007 ta
008 230509b bl.|||p| |||| 00| 00por d
040 _aBR-BrBNA
_bpor
_cBiblioteca Nacional de Agricultura
041 _a(Pt)
072 _aP33
100 1 _aCanellas, L.P.
100 1 _aSantos, G. de A.
100 1 _aGuridi, F.
100 1 _aRumjanek, V.M.
100 1 _aFreire, R.B.
245 1 _aCompostos heterociclicos nitrogenados em acido humicos extraido de composto de residuo solido urbano
650 _aResiduo Solido
650 _aComposto Organico
650 _aEspectrometria
650 _aComposicao Quimica
650 _aSolo
773 0 _tFloresta e Ambiente (Brazil)
_xISSN 1415-0980
_g(1999), v. 6(1) p. 1-7
_wBR0002090
909 _a202311
_bLúcia
_c55
_dLúcia Elande
942 _2AGRIS
_n0
_cANA
999 _c164145
_d164145